| 000 | 01236nam a22003137a 4500 | ||
|---|---|---|---|
| 005 | 20120518144347.0 | ||
| 008 | 120518t xxu||||| |||| 00| 0 eng d | ||
| 010 | _aENG-105357 | ||
| 020 |
_a9788124606216 _c195.00 |
||
| 020 |
_a8124606218 _c195.00 |
||
| 035 | _aEN-88890 | ||
| 037 | _bDBAD/PUB | ||
| 040 |
_aDPL _bEng |
||
| 082 | _a704.9426 | ||
| 100 |
_aKogata, R.N. _947159 |
||
| 245 |
_aFamily : _cby R. N. Kogata [and] Lalita Kogata _bone hundred quotes and thoughts with one hundred paintings of Lord Ganesha / |
||
| 260 |
_aNew Delhi _bD.K. Printworld _c2012 |
||
| 270 |
_a'Srikunj', F-52, Bali Nagar, Ramesh Nagar Metro Station _bNew Delhi _e110015 |
||
| 300 |
_a106p. : _c16cm(pbk) _bcol. ill. |
||
| 650 |
_aFamilies _vPrayers and devotions. _947365 |
||
| 650 |
_aFamilies in art. _947366 |
||
| 650 |
_aSiva (Hindu deity) _vArt _947367 |
||
| 650 |
_aParvati (Hindu deity) _vArt _947368 |
||
| 650 |
_aGaṇeśa (Hindu deity) _vArt _947369 |
||
| 650 |
_aHindu art. _947370 |
||
| 700 |
_aKogata, Lalita _91167 |
||
| 942 |
_2ddc _cEN _mKOG _h704.9426 |
||
| 999 |
_c66849 _d66849 |
||